书目信息 |
| 题名: |
镎的分析化学
|
|
| 作者: | Михайлов , 米哈依洛夫 著 ;张心祥 译 | |
| 分册: | ||
| 出版信息: | 北京 原子能出版社 1978 |
|
| 页数: | 257页 | |
| 开本: | 19cm | |
| 丛书名: | ||
| 单 册: | ||
| 中图分类: | TL274 , O65 | |
| 科图分类: | ||
| 主题词: | 镎--分析化学 , 分析化学 , 分析(化学) | |
| 电子资源: | ||
| ISBN: | ||
| 000 | 00954nam0 2200301 45 | |
| 001 | 0178002334 | |
| 005 | 20071012094001.32 | |
| 010 | @dCNY0.85 | |
| 091 | @aCN@b15175.117 | |
| 100 | @a19950728d1978 emky0chiy0121 ea | |
| 101 | 1 | @achi@crus |
| 102 | @aCN@b110000 | |
| 105 | @ay z 000yy | |
| 200 | 10 | @a镎的分析化学@Ana de fen xi hua xue@f(苏)米哈依洛夫(В.А.Михайлов)著@g张心祥等译 |
| 210 | @a北京@c原子能出版社@d1978 | |
| 215 | @a257页@d19cm | |
| 300 | @a书名原文:Аналитическая химия нептуния | |
| 510 | 1 | @aАналитическая химия нептуния@zrus |
| 606 | @a镎@x分析化学 | |
| 606 | 0 | @a分析化学 |
| 606 | 0 | @a分析(化学) |
| 690 | @aTL274@v3 | |
| 690 | @aO65@v4 | |
| 701 | A1 | @aМихайлов@bВ.А.@4著 |
| 701 | 1 | @a米哈依洛夫@Ami ha yi luo fu@bВ.А.@4著 |
| 702 | 0 | @a张心祥@Azhang xin xiang@4译 |
| 801 | 0 | @aCN@bTSSF@c20071012 |
| 905 | @aZUCC@dO65@e140 | |
| 镎的分析化学/(苏)米哈依洛夫(В.А.Михайлов)著/张心祥等译.-北京:原子能出版社,1978 |
| 257页;19cm |
| 书名原文:Аналитическая химия нептуния |
| ISBN :CNY0.85 |
| ● |
| 相关链接 |
|
|
|
|
正题名:镎的分析化学
索取号:O65/140
 
预约/预借
| 序号 | 登录号 | 条形码 | 馆藏地/架位号 | 状态 | 备注 |
| 1 | 0000470 | 202155390 | 密集书库/ [索取号:O65/140] | 在馆 |